Town spaces : (Record no. 352176)
[ view plain ]
| 000 -LEADER | |
|---|---|
| fixed length control field | 01209 a2200313 4500 |
| 003 - CONTROL NUMBER IDENTIFIER | |
| control field | OSt |
| 005 - DATE AND TIME OF LATEST TRANSACTION | |
| control field | 20180116192325.0 |
| 008 - FIXED-LENGTH DATA ELEMENTS--GENERAL INFORMATION | |
| fixed length control field | 120215t xxu||||| |||| 00| 0 eng d |
| 010 ## - LIBRARY OF CONGRESS CONTROL NUMBER | |
| LC control number | 2006042802 |
| 020 ## - INTERNATIONAL STANDARD BOOK NUMBER | |
| International Standard Book Number | 3764375582 (pbk.) |
| 020 ## - INTERNATIONAL STANDARD BOOK NUMBER | |
| International Standard Book Number | 9783764375584 (pbk.) |
| 035 ## - SYSTEM CONTROL NUMBER | |
| System control number | (OCoLC)ocm64771077 |
| 040 ## - CATALOGING SOURCE | |
| Transcribing agency | 0 |
| 082 00 - DEWEY DECIMAL CLASSIFICATION NUMBER | |
| Classification number | 711.4 |
| 100 1# - MAIN ENTRY--PERSONAL NAME | |
| Personal name | Krier, Rob. |
| 245 10 - TITLE STATEMENT | |
| Title | Town spaces : |
| Remainder of title | contemporary interpretations in traditional urbanism : Krier-Kohl-Architects / |
| Statement of responsibility, etc. | Rob Krier ; introduction by Michael Graves ; essays by Hans Ibelings, Philipp Meuser, Harald Bodenschatz ; [translation, Fiona Greenwood Fincannon]. |
| 250 ## - EDITION STATEMENT | |
| Edition statement | 2nd rev. ed. |
| 260 ## - PUBLICATION, DISTRIBUTION, ETC. | |
| Place of publication, distribution, etc. | Basel ; |
| -- | Boston : |
| Name of publisher, distributor, etc. | Birkhä̈user, |
| Date of publication, distribution, etc. | c2006. |
| 300 ## - PHYSICAL DESCRIPTION | |
| Extent | 288 p. : |
| Other physical details | ill. (some col.), maps (some col.) ; |
| Dimensions | 29 cm. |
| 500 ## - GENERAL NOTE | |
| General note | Includes indexes. |
| 610 20 - SUBJECT ADDED ENTRY--CORPORATE NAME | |
| Corporate name or jurisdiction name as entry element | Rob Krier-Christoph Kohl Architects. |
| 650 #0 - SUBJECT ADDED ENTRY--TOPICAL TERM | |
| Topical term or geographic name entry element | City planning |
| General subdivision | History |
| Chronological subdivision | 20th century. |
| 650 #0 - SUBJECT ADDED ENTRY--TOPICAL TERM | |
| Topical term or geographic name entry element | Space (Architecture) |
| General subdivision | History |
| Chronological subdivision | 20th century. |
| 700 1# - ADDED ENTRY--PERSONAL NAME | |
| Personal name | Ibelings, Hans. |
| 700 1# - ADDED ENTRY--PERSONAL NAME | |
| Personal name | Meuser, Philipp, |
| Dates associated with a name | 1969- |
| 700 1# - ADDED ENTRY--PERSONAL NAME | |
| Personal name | Bodenschatz, Harald. |
| 942 ## - ADDED ENTRY ELEMENTS (KOHA) | |
| Institution code [OBSOLETE] | SADA |
| Koha item type | Book |
| Call number prefix | 711.4 KRI 2006 |
| Source of classification or shelving scheme | |
| Withdrawn status | Lost status | Source of classification or shelving scheme | Damaged status | Not for loan | Permanent Location | Current Location | Date acquired | Total Checkouts | Total Renewals | Full call number | Barcode | Date last seen | Date last checked out | Cost, replacement price | Price effective from | Koha item type |
|---|---|---|---|---|---|---|---|---|---|---|---|---|---|---|---|---|
| School of Art Design and Architecture (SADA) | School of Art Design and Architecture (SADA) | 09/28/2010 | 4 | 2 | 711.4 KRI 2006 | SADA0000167 | 04/21/2025 | 02/17/2025 | 3741.00 | 08/05/2011 | Book |
